| 000 | 00384nam a2200097Ia 4500 | ||
|---|---|---|---|
| 008 | 180130s9999 xx 000 0 und d | ||
| 245 |
_cAlecu, Felician; Pocatilu, Paul; Capisizu, Sergiu _aProject management with it security focus |
||
| 260 | _c2015 | ||
| 300 | _aBook title: Strategic planning for project management--Acession number C20548; pages 213-222 | ||
| 650 | _aPROJECT MANAGEMENT | ||
| 999 |
_c354456 _d354456 |
||